Statistics for Ruin Yet More Movies with One Letter

Click here to take the quiz!

General Stats

  • This quiz has been taken 8 times
  • The average score is 6 of 15

Answer Stats

YearLetterDescriptionTitle% Correct
2019JFailed stand-up comedian goes insane and turns to professional card playing.Poker
75%
1993AIrresponsible scientists use genetics to revive prehistoric pigs.Jurassic Pork
63%
1979MDepressed cop must battle a dangerous motorcycle gang in post-apocalyptic Outback.Sad Max
63%
2013WYoung broker ascends to power but insists on driving a small VW.The Golf Of Wall Street
63%
1995YChildren games come alive every night on the shelves.Toy Store
63%
2001DYoung scholar succumbs to mental illness while trying to devise the most elegant way to extract ore.A Beautiful Mine
50%
1990GYoung men enters and rises into the violent and ruthless world of restaurant critics.Foodfellas
50%
1987MDuring the Vietnam War, a young pacifist designs a coat made out entirely of flowers.Full Petal Jacket
38%
1972GCommercial grass magnate cedes the reins of his family run business to his reluctant son.The Sodfather
38%
1965SAustrian hunting dog has an unusual singing talent.The Hound Of Music
25%
1959HRich Jewish man is forced to leave his family and survive as a beaver trapper, before returning home for revenge.Ben-Fur
13%
2002CYoung impostor and pirate defies doctors repeated attempts to cover his injured eye.Patch Me If You Can
13%
1984TRobot gardener is sent from the future to change the course of history.The Germinator
13%
2011OYoung boy befriends a large man from Persia that a paranoid government agent wants to destroy.The Iran Giant
13%
1986GMembers of a convent compete in a dangerous contest to determine the most skilled and daring one of them.Top Nun
13%

Score Distribution

Percentile by Number Answered

Percent of People with Each Score

Your Score History

You have not taken this quiz